000 00887nam a2200253 i 4500
001 bg
100 1 _aMACIAK, Franciszek
245 1 0 _aMateriały do ćwiczeń z rekultywacji terenów zdegradowanych /
_cFranciszek Maciak ; Szkoła Główna Gospodarstwa Wiejskiego w Warszawie.
250 _aWyd.2.
260 _aWarszawa :
_bWydaw. SGGW,
_c1996.
300 _a119, [1] s. :
_brys., wykr. ;
_c24 cm.
504 _aBibliogr. s. [120].
521 _aDla studentów Wydziału Melioracji Wodnych.
650 9 _aGleba
_xhigiena
_xpodręcznik akademicki
650 9 _aSzkody przemysłowe
_xzwalczanie
_xpodręcznik akademicki
710 0 _aSzkoła Główna Gospodarstwa Wiejskiego (Warszawa)
020 _a8300029796
040 _cBPK
041 0 _apl
080 _a631.6:631.4:628.3](075.8)
920 _a83-00-02979-6
942 _cKS
008 s pl f |000 0 pol
999 _c34452
_d34452
856 _uhttp://koha.tu.koszalin.pl/cgi-bin/koha/opac-detail.pl?biblionumber=34452
_yKatalog online BPK